LEADER 00875nam0-22003251i-450- 001 990000441690403321 005 20001010 035 $a000044169 035 $aFED01000044169 035 $a(Aleph)000044169FED01 035 $a000044169 100 $a20001010d--------km-y0itay50------ba 101 0 $aita 105 $ay-------001yy 200 1 $aMuratura portante in laterizio$etecnologia progetto architettura$fCorrado Latina 210 $aRoma$cLaterconsult$d1994 215 $aX, 490 p.$cill.$d33 cm 610 0 $aLaterizi 610 0 $aMuri 610 0 $aEdifici in Muratura 676 $a721 700 1$aLatina,$bCorrado$08030 801 0$aIT$bUNINA$gRICA$2UNIMARC 901 $aBK 912 $a990000441690403321 952 $a08 AA 681$b1062$fDINED 959 $aDINED 996 $aMuratura portante in laterizio$9114281 997 $aUNINA DB $aING01 LEADER 02182oas 2200925 a 450 001 9910149663903321 005 20260218111332.0 011 $a1758-4302 035 $a(DE-599)ZDB2254600-5 035 $a(OCoLC)500671712 035 $a(CONSER) 2010247811 035 $a(CKB)1000000000725534 035 $a(DE-599)2601614-X 035 $a(EXLCZ)991000000000725534 100 $a20080711b20092018 uy a 101 0 $aeng 135 $aur||||||||||| 181 $ctxt$2rdacontent 182 $cc$2rdamedia 183 $acr$2rdacarrier 200 00$aClinical lipidology 210 $aLondon $cFuture Medicine 210 3 $a[Abingdon, Oxford, UK] $cTaylor & Francis 215 $a1 online resource 300 $aRefereed/Peer-reviewed 311 08$a1758-4299 531 0 $aClin. lipidol. 606 $aLipids$xMetabolism$xDisorders$vPeriodicals 606 $aLipid Metabolism Disorders 606 $aLipides$vPe?riodiques 606 $aLipids$xMetabolism$xDisorders$2fast$3(OCoLC)fst00999375 608 $aPeriodical. 608 $aPeriodicals.$2fast 608 $aPeriodicals.$2lcgft 615 0$aLipids$xMetabolism$xDisorders 615 12$aLipid Metabolism Disorders. 615 6$aLipides 615 7$aLipids$xMetabolism$xDisorders. 676 $a616.3997 801 0$bUKMGB 801 1$bUKMGB 801 2$bOCLCS 801 2$bPFM 801 2$bTOH 801 2$bOCLCQ 801 2$bHEBIS 801 2$bOCLCQ 801 2$bOCLCF 801 2$bPFM 801 2$bEUW 801 2$bCUI 801 2$bOCLCQ 801 2$bOCL 801 2$bOCLCQ 801 2$bSTF 801 2$bOCLCA 801 2$bUAB 801 2$bDLC 801 2$bOCLCQ 801 2$bNLE 801 2$bCRU 801 2$bMOW 801 2$bU3W 801 2$bAU@ 801 2$bOCLCO 801 2$bWYU 801 2$bUKMGB 801 2$bLVT 801 2$bVT2 801 2$bNLM 801 2$bOCLCQ 801 2$bOCLCO 801 2$bOCLCQ 801 2$bIOY 801 2$bUEJ 801 2$bOCLCQ 906 $aJOURNAL 912 $a9910149663903321 996 $aClinical lipidology$92220622 997 $aUNINA